000 00661nam a2200217 a 4500
001 13899
003 BD-JhCC
005 20240513093815.0
008 171104b1986 bg ||||| |||| 00| 0 ben d
020 _a9789848872307
035 _a(BD-JhCC)13899
040 _aBD-JhCC
_dBD-JhCC
041 _aben
082 _a891.4435
_bRAH 2019
100 _aরহমান, ডাক্তার লুৎফর
245 _aউন্নত জীবন /
_cডাঃ লুৎফর রহমান
260 _aঢাকা:
_bশিক্ষা জগৎ ;
_c2019
300 _a৮০ পৃ. ;
_c২০ সেমি
650 _aShort stories
942 _2ddc
_cBK
999 _c13899
_d13899